[Event "XXXIII Lower Silesian Cup 2017"]
[Site "Legnica"]
[Date "2017.12.07"]
[Round "1"]
[White "Czarnota, Pawel"]
[Black "Kislinsky, Alexey"]
[Result "1-0"]
[WhiteElo "2556"]
[BlackElo "2516"]
[Annotator "TA"]
[PlyCount "97"]
[EventDate "2017.??.??"]
[EventType "tourn"]
[EventCountry "POL"]
[SourceTitle "playchess.com"]
[Source "ChessBase"]
[SourceQuality "1"]

{[%evp 14,97,33,35,49,48,46,61,55,45,56,58,56,48,50,39,43,43,43,40,34,1,43,33,33,37,56,39,79,82,85,75,236,238,236,227,206,204,186,188,364,276,799,376,318,319,306,323,345,288,283,260,287,318,282,276,563,567,563,556,556,318,1868,1762,1744,1714,1518,1140,1246,1140,1170,901,5019,4960,4116,2812,4133,1849,5185,988,29975,29978,29978,29979,29968,8]} 1. e4 c5 2. Nf3 Nc6 3. d4 cxd4 4. Nxd4 g6 5. c4 d6 6. Nc3 Bg7 7. Be3 Qb6 {B38: Sicilian: Maroczy Bind with 5...Bg7 and 7...0-0} 8. Ndb5 {LiveBook: 7 Games} Qa5 (8... Bxc3+ 9. bxc3 Qa5 10. Qb3 Nf6 11. f3 Be6 12. Be2 Rc8 13. O-O Nd7 14. Nd4 Nc5 15. Qb2 {½-½ (53) Jakovenko,D (2710)-Savchenko,B (2581) Sochi 2017}) 9. Be2 $146 ({Predecessor:} 9. Bd2 a6 10. Nd5 Qd8 11. Nbc7+ Kf8 12. Nxa8 e6 13. Ndb6 Bd4 14. Qb3 Qf6 15. O-O-O {1-0 (33) Garrido Outon,A (2055)-Nordgreen,J (1178) Caleta 2017}) 9... a6 {White is slightly better.} 10. Nd4 Nxd4 11. Bxd4 Bxd4 12. Qxd4 Nf6 13. O-O Be6 14. b4 Qe5 15. Qxe5 dxe5 16. Rfd1 O-O 17. f3 Rfd8 18. Rxd8+ Rxd8 19. Rd1 $36 {[%mdl 2048] White has good play.} Rd4 20. Nd5 Nxd5 21. exd5 $14 {[%mdl 4096] Endgame KRB-KRB} Bf5 22. Kf2 Bc2 $2 (22... Rh4 $16) 23. Rxd4 $18 exd4 {KB-KB} 24. c5 Kf8 {[#] Hoping for ...d3.} 25. b5 axb5 26. Bxb5 {And now c6 would win.} Bf5 $2 (26... Bb1 {keeps fighting.}) 27. a4 e5 $2 (27... f6 28. c6 Bc8) 28. c6 (28. g4 $142) 28... Bc8 29. d6 bxc6 30. Bxc6 Ba6 31. f4 f6 32. fxe5 fxe5 33. Kf3 Kf7 34. Ke4 Ke6 $2 {[#]} (34... d3 {is a better defense.}) 35. d7 Ke7 36. Kxe5 d3 {Black wants to play ...d2.} 37. Bf3 d2 $2 (37... g5 38. Kf5 Bc4) 38. g3 Kxd7 39. Kd4 Kd6 40. Ke3 Kc5 41. Kxd2 Kb4 42. Bd1 g5 43. Ke3 Bc8 44. Ke4 Kc3 45. Be2 Kd2 46. Bb5 (46. Bd3 $142 Kc3 47. a5) 46... h5 47. Kd4 {White mates.} h4 48. a5 Ke1 49. Ke4 $2 {[%mdl 32768] Precision: White = 76%, Black = 36%. . Sensor Board Error (Ke4/e5)?} (49. Ke3 {mates} Kd1 50. a6 Bxa6 51. Bxa6 hxg3 52. hxg3 Kc2 53. Kf3 Kc3 54. Kg4) 1-0

[Event "XXXIII Lower Silesian Cup 2017"]
[Site "Legnica"]
[Date "2017.12.07"]
[Round "1"]
[White "Kriebel, Tadeas"]
[Black "Cyborowski, Lukasz"]
[Result "1/2-1/2"]
[WhiteElo "2507"]
[BlackElo "2517"]
[Annotator "TA"]
[PlyCount "104"]
[EventDate "2017.??.??"]
[EventType "tourn"]
[EventCountry "POL"]
[SourceTitle "playchess.com"]
[Source "ChessBase"]
[SourceQuality "1"]

{[%evp 11,104,-2,24,18,19,9,17,17,28,20,41,7,9,1,3,0,1,4,14,16,23,0,0,0,0,-8,0,-11,-7,-9,-5,-10,0,0,0,0,0,-28,-26,-27,-19,-31,-28,-49,-44,-33,-24,-52,-38,-40,-41,-49,-50,-102,-96,-74,-83,-114,-112,-106,-105,-108,0,-106,0,-107,-76,-81,-77,-115,-7,-198,-208,-190,-181,-183,-170,-163,-27,-48,-8,-8,-8,-8,-8,-8,-8,-8,-8,-8,0,0,0,0,8]} 1. c4 e5 2. g3 Nc6 {[%cal Bb8c6,Bc6d4,Bd4e2][%mdl 32]} 3. Bg2 g6 4. Nc3 Bg7 5. e4 Nd4 (5... h5 6. h4 Nd4 7. d3 d6 8. Nce2 Ne6 9. Nh3 Ne7 10. Be3 c6 11. Ng5 Nxg5 12. hxg5 d5 13. exd5 cxd5 14. Bc5 d4 15. Qa4+ Qd7 {½-½ (39) Piorun,K (2591)-Naiditsch,A (2684) Germany 2016}) 6. Nge2 {A25: English Opening vs King's Indian with ...Nc6 but without early d3} Nxe2 {LiveBook: 4 Games} (6... h5 {looks sharper.} 7. h3 d6 8. d3 Bd7 9. Nxd4 exd4 10. Nd5 c6) 7. Qxe2 Ne7 {[%cal Bg8e7,Be7c6,Bc6d4][%mdl 32]} 8. O-O O-O 9. d3 d6 10. f4 Nc6 $146 ({Predecessor:} 10... c6 11. Be3 Be6 12. Rad1 exf4 13. Bxf4 Qd7 14. d4 d5 15. cxd5 cxd5 16. e5 h6 17. h4 {0-1 (41) Nedela,V (2445)-Mokry,K (2505) Turnov 1996}) 11. Be3 Nd4 12. Qd2 c6 13. Rf2 Be6 14. Raf1 f5 15. fxe5 dxe5 16. Bh6 Qd6 17. Bxg7 Kxg7 18. exf5 Rxf5 19. Ne4 Qe7 20. g4 $132 {[%mdl 2048] White is fighting back} Rxf2 21. Nxf2 Rf8 22. Qe3 Bc8 23. Re1 Re8 {[#] White must now prevent ...Nc2.} 24. Qd2 h6 25. h3 b6 26. Ne4 Rf8 27. Rf1 Rxf1+ 28. Kxf1 c5 29. Nc3 Qf6+ 30. Kg1 Qf4 31. Qe1 Be6 32. Be4 (32. Qe4 $15) 32... h5 $17 33. gxh5 gxh5 {[%cal Bg6h5,Bh5h4][%mdl 32]} 34. Kg2 h4 35. Nd1 Qg5+ 36. Kh2 Qf4+ 37. Kg2 $1 Qg5+ 38. Kh2 $1 Bf5 39. Qe3 Kf6 40. Bxf5 Nxf5 (40... Kxf5 $17 41. Qf2+ Qf4+ 42. Kg2 Qxf2+ 43. Kxf2 e4) 41. Qxg5+ $2 (41. Qf3 $1 $11 {and White has nothing to worry.}) 41... Kxg5 {[%mdl 4096] Endgame KN-KN} 42. Kg2 Kf4 {And now ...Ne3+ would win.} 43. Kf2 {[#]} e4 $1 {[%cal Re4e3]} 44. dxe4 Nd6 (44... Kxe4 $19 {aiming for ...Kd3.} 45. Ke2 Nd4+ 46. Kf2 Ne6 47. Nc3+ Kd3) 45. e5 $1 $11 {[%cal Re5d6]} Ne4+ 46. Kg2 {The position is equal.} Ng5 47. Nc3 Kxe5 {Black wants to play ...Kd4.} 48. Nb5 a6 49. Nc7 $1 Kd4 50. b3 Kc3 {Threatens to win with ...a5.} 51. Nxa6 Kb2 52. b4 cxb4 {Precision: White = 57%, Black = 54%.} 1/2-1/2

[Event "XXXIII Lower Silesian Cup 2017"]
[Site "Legnica"]
[Date "2017.12.07"]
[Round "1"]
[White "Simantsev, Mikhail"]
[Black "Teclaf, Pawel"]
[Result "1-0"]
[WhiteElo "2505"]
[BlackElo "2393"]
[Annotator "TA"]
[PlyCount "105"]
[EventDate "2017.??.??"]
[EventType "tourn"]
[EventCountry "POL"]
[SourceTitle "playchess.com"]
[Source "ChessBase"]
[SourceQuality "1"]

{[%evp 18,105,50,61,57,57,71,66,75,66,64,38,84,42,121,84,72,43,85,41,54,39,103,-42,-47,-48,-39,-29,0,0,0,-15,-14,-55,0,-31,-35,-29,0,0,0,0,4,0,28,25,29,18,35,22,46,44,52,47,58,17,61,0,66,0,59,33,69,52,54,41,146,142,322,365,362,356,349,310,486,451,496,476,471,404,703,692,758,758,1005,999,2113,1647,29993,-508]} 1. d4 Nf6 2. c4 g6 3. Nc3 d5 4. Bf4 Bg7 5. e3 O-O 6. Rc1 c6 7. Nf3 dxc4 8. Bxc4 Nbd7 9. O-O Nb6 {D93: Grünfeld: 4 Nf3 Bg7 5 Bf4 0-0 6 e3} (9... Nh5 10. Bg5 h6 11. Bh4 Nb6 12. Bb3 Nd5 13. Nxd5 cxd5 14. Ne5 Be6 15. f4 Nf6 16. g4 Bc8 17. Qf3 {1-0 (48) Shevchenko,K (2502)-Papp,G (2598) Benasque 2017}) 10. Bb3 {LiveBook: 9 Games} Nfd5 11. Bg3 a5 {White is slightly better.} 12. a3 Bf5 $146 ({Predecessor:} 12... Be6 13. e4 Nxc3 14. Rxc3 Bg4 15. Rd3 Qd7 16. h3 Bxf3 17. Qxf3 Bxd4 {½-½ (40) Schmidt,P-Niephaus,W Heidelberg 1949}) 13. Qe2 Be6 14. Ne4 Nd7 15. Qc2 h6 ({Black should try} 15... Bf5 $14) 16. Nc3 N7b6 17. Nd2 Rc8 18. Nde4 Bf5 19. Qe2 e5 (19... Nxc3 $14 20. Nxc3 Qd7) 20. Rfd1 ({Reject} 20. dxe5 $6 Nxc3 21. Nxc3 Bd3 $11) (20. Bxe5 $16 {Black must now prevent Nd6.} Bxe5 21. dxe5) 20... Nxc3 $15 21. Nxc3 exd4 22. exd4 Qd7 23. h3 Rfe8 24. Qf3 Be6 25. Bc2 f5 (25... Nc4 $15 26. d5 Bxd5 27. Nxd5 cxd5 28. Rxd5 Qc6) 26. Na4 Nxa4 27. Bxa4 {[#] Strongly threatening d5!} Kh7 28. Be5 Bd5 29. Qc3 Qe7 {[%cal Rg7e5]} 30. f4 b6 31. Kh2 Qf7 32. Qe3 Qe6 33. Rc3 Qd7 34. Rdc1 b5 35. Bb3 Be4 36. Bc2 Bd5 37. Bb3 Be4 $1 38. Bc2 Bd5 39. Bd3 b4 40. axb4 axb4 41. R3c2 Be6 (41... Rcd8 $14) 42. Ba6 Bf8 $2 (42... Bxe5 $16 43. dxe5 (43. Bxc8 Bxf4+ 44. Qxf4 Rxc8 $16) 43... Rc7) 43. Bxc8 $18 Rxc8 44. Ra1 {[%cal Bc1a1,Ba1a5,Ba5a8,Ba8b8,Bb8e8][%mdl 32]} Bd5 45. Rcc1 Qb7 (45... Qe7 $142 46. Rc5 Rc7) 46. Ra5 Re8 47. Rca1 Re7 48. Qe2 Rf7 (48... Bg7 $142 49. Ra8 Qb6) 49. Ra8 Qe7 50. Rb8 Bg7 51. Raa8 {[#] Threatening mate with Rh8+!} Bf8 52. Re8 c5 53. Ra7 $4 {[%mdl 40960] Precision: White = 49%, Black = 31%. . Loss on Time!?} (53. Rxe7 {is the narrow road to win.} Bg7 54. Rxf7 Bxf7 55. Bxg7 g5 56. Qe5 gxf4 57. Rh8+ Kg6 58. Rxh6+ Kg5 59. Qf6#) 1-0

[Event "XXXIII Lower Silesian Cup 2017"]
[Site "Legnica"]
[Date "2017.12.07"]
[Round "1"]
[White "Simacek, Pavel"]
[Black "Tomczak, Mikolaj"]
[Result "1-0"]
[WhiteElo "2504"]
[BlackElo "2372"]
[Annotator "TA"]
[PlyCount "63"]
[EventDate "2017.??.??"]
[EventType "tourn"]
[EventCountry "POL"]
[SourceTitle "playchess.com"]
[Source "ChessBase"]
[SourceQuality "1"]

{[%evp 9,63,-8,5,-20,-17,-16,-13,-21,-9,-10,0,-22,-15,-33,-27,-64,-47,-56,-36,-95,-88,-104,-108,-112,-83,-90,-98,-133,-145,-310,-308,-278,-291,-297,-286,-185,-127,-126,-76,-79,-57,-58,-35,-47,390,395,387,382,471,444,445,372,366,385,372,369]} 1. d4 d5 2. Nf3 Nf6 3. Bg5 c6 4. Bxf6 (4. e3 Qb6 5. Bd3 Ne4 6. Nbd2 Nxg5 7. Nxg5 e6 8. Qh5 g6 9. Qf3 Qc7 10. h4 Qe7 11. O-O-O Bg7 12. c3 e5 {0-1 (37) Kramnik,V (2801)-Nakamura,H (2787) Zuerich 2016}) 4... exf6 5. e3 Bd6 {LiveBook: 9 Games} 6. Nbd2 {D03: 1 d4 d5 2 Nf3 Nf6 3 Bg5, including Torre Attack with early ...d5} f5 7. Bd3 g6 8. c4 {The position is equal.} dxc4 $146 ({Predecessor:} 8... Be6 9. Qb3 b6 10. cxd5 Bxd5 11. Bc4 Bxc4 12. Nxc4 O-O 13. O-O {0-1 (58) Klein,W (1942)-Planner,J (1706) Germany 2010}) 9. Nxc4 Bb4+ 10. Nfd2 c5 11. O-O cxd4 12. exd4 O-O 13. Nf3 Nc6 14. Qb3 (14. Bc2 $15) 14... Be6 $17 15. a3 Be7 16. Be2 Rc8 $36 {[%mdl 2048] [#] aiming for ...Na5. Black is on the roll.} 17. Rac1 Bg5 18. Nxg5 Qxg5 19. Qxb7 $2 (19. Qc3 $17) 19... Nxd4 $19 20. Bd3 f4 21. f3 Rfd8 {[#] And now ...Bd5 would win.} 22. Kh1 Qh4 (22... Nb5 $19 23. Be2 Rb8) 23. Ne5 $17 {Black should prevent Rxc8.} Rxc1 24. Rxc1 Nb3 25. Rf1 $1 Nc5 26. Qb5 Rd5 $2 {[%mdl 8192]} (26... Nxd3 $15 27. Nxd3 Bf5) 27. Bc4 $18 Qd8 28. Nc6 Qd6 29. Bxd5 Bxd5 30. Qb8+ Qxb8 31. Nxb8 Nd3 32. b4 {Precision: White = 55%, Black = 63%.} 1-0

[Event "XXXIII Lower Silesian Cup 2017"]
[Site "Legnica"]
[Date "2017.12.07"]
[Round "1"]
[White "Grela, Kacper"]
[Black "Sieciechowicz, Marcin"]
[Result "0-1"]
[WhiteElo "2288"]
[BlackElo "2393"]
[Annotator "TA"]
[PlyCount "70"]
[EventDate "2017.??.??"]
[EventType "tourn"]
[EventCountry "POL"]
[SourceTitle "playchess.com"]
[Source "ChessBase"]
[SourceQuality "1"]

{[%evp 11,70,26,40,0,0,-1,-4,-5,-8,-42,-35,-37,-43,-84,-71,-55,-77,-70,-62,-123,-88,-112,-109,-124,-70,-81,-64,-56,-53,-60,-51,-78,-64,-74,250,-52,59,55,48,-19,0,-134,0,0,0,0,0,0,0,0,0,0,0,-894,-865,-29989,-27,-29989,-29990,-29990,-1180]} 1. e4 e6 2. d4 d5 3. exd5 exd5 4. Nf3 Nc6 5. Bb5 Nge7 (5... Bd6 6. c4 dxc4 7. d5 a6 8. Ba4 b5 9. dxc6 bxa4 10. O-O Ne7 11. Nbd2 c3 12. Ne4 O-O 13. Qxa4 Qe8 14. Nxd6 cxd6 15. Nd4 Bb7 16. Re1 Bxc6 17. Qa3 Qd7 18. Qxc3 {½-½ (54) Meier,G (2644)-Bluebaum,M (2642) Dresden 2017}) 6. O-O {C01: French: Exchange Variation} a6 {LiveBook: 12 Games} 7. Bxc6+ Nxc6 8. Bg5 {The position is equal.} f6 9. Bf4 Be7 10. Qd3 $146 ({Predecessor:} 10. Nbd2 g5 11. Be3 Bf5 12. Nb3 a5 13. c3 {0-1 (25) Grego,L (2042)-Martys,M (2239) LSS email 2008}) 10... Be6 11. Re1 Qd7 12. Nbd2 g5 13. Bg3 Bf5 14. Qb3 O-O-O 15. c4 ({White should try} 15. c3 $15) 15... Bb4 {Threatens to win with ...h5.} 16. Red1 h5 17. h4 g4 (17... Bg4 $17 18. c5 Qf5) 18. Ne1 $15 Rhe8 {Hoping for ...Rxe1+!} (18... Bxd2 {with more complications.} 19. Rxd2 Na5 20. Qc3 Nxc4 21. Rc1 Rde8) 19. cxd5 $1 Qxd5 20. Nc4 $1 Bxe1 21. Rxe1 Rxe1+ 22. Rxe1 Nxd4 $2 {[%mdl 8192] [#]} (22... b5 $17 23. Nd2 Nxd4) 23. Qc3 $2 (23. Re7 $1 $18 {[%cal Re7c7][%mdl 512]} Ne2+ 24. Rxe2) 23... Qc6 ({Better is} 23... Qf7 $15) 24. Re7 $14 {[%mdl 1024] White has compensation.} Nb5 25. Qb3 (25. Qb4 $1 $14) 25... Qc5 26. Re1 (26. Rg7 $11 {was the only way to keep the balance.}) 26... Rd3 (26... Nd4 $17 27. Qc3 Bg6) 27. Re8+ $11 Kd7 28. Ne5+ $1 fxe5 29. Qf7+ Kc6 30. Qxf5 Rd1+ ({Don't blunder} 30... Rxg3 $2 31. Qe4+ Kb6 32. Rxe5 $18) 31. Kh2 Nd6 32. Re6 $2 {[%mdl 8192] [#]} (32. Qxh5 $11 Nxe8 33. Qxe8+ Kb6 34. Qe6+ Rd6 35. Qxg4) 32... Qc1 $1 $19 {[%csl Gc1][%cal Rd1h1]} 33. Bxe5 Rh1+ 34. Kg3 {[#]} Rh3+ $1 {[%mdl 512]} 35. gxh3 Qg1+ {Precision: White = 47%, Black = 51%.} 0-1

[Event "XXXIII Lower Silesian Cup 2017"]
[Site "Legnica"]
[Date "2017.12.08"]
[Round "2"]
[White "Cyborowski, Lukasz"]
[Black "Czarnota, Pawel"]
[Result "1/2-1/2"]
[WhiteElo "2514"]
[BlackElo "2556"]
[Annotator "TA"]
[PlyCount "43"]
[EventDate "2017.??.??"]
[EventType "tourn"]
[EventCountry "POL"]
[SourceTitle "playchess.com"]
[Source "ChessBase"]
[SourceQuality "1"]

{[%evp 20,43,0,-1,17,0,0,0,0,0,0,0,0,0,0,0,0,0,0,0,0,0,0,0,0,0]} 1. c4 c6 {[%cal Bc7c6,Bc6d5][%mdl 32]} 2. e4 d5 3. exd5 cxd5 4. d4 Nf6 5. Nc3 e6 6. Nf3 Bb4 7. Bd3 dxc4 8. Bxc4 O-O 9. O-O b6 10. Bg5 Bb7 {[%cal Bc8b7,Bb7d5,Bd5c4][%mdl 32]} 11. Ne5 {The position is equal.} Nbd7 {E54: Nimzo-Indian: Rubinstein: Main Line: 7...dxc4 8 Bxc4} 12. Nxd7 Qxd7 13. Bxf6 gxf6 14. d5 {And now dxe6 would win.} Bxc3 15. bxc3 Bxd5 ({Don't play} 15... exd5 16. Bd3 $16) 16. Qg4+ Kh8 {[#] Hoping for ...Rg8.} 17. Qf4 Bxc4 18. Qxf6+ Kg8 {[#]} 19. Qg5+ $146 Kh8 20. Qf6+ Kg8 21. Qg5+ Kh8 22. Qf6+ 1/2-1/2

[Event "XXXIII Lower Silesian Cup 2017"]
[Site "Legnica"]
[Date "2017.12.08"]
[Round "2"]
[White "Simantsev, Mikhail"]
[Black "Simacek, Pavel"]
[Result "1-0"]
[WhiteElo "2490"]
[BlackElo "2490"]
[Annotator "TA"]
[PlyCount "104"]
[EventDate "2017.??.??"]
[EventType "tourn"]
[EventCountry "POL"]
[SourceTitle "playchess.com"]
[Source "ChessBase"]
[SourceQuality "1"]

{[%evp 18,104,37,31,60,60,60,60,61,60,54,41,37,30,36,33,35,16,24,16,24,16,25,8,43,0,6,0,0,0,0,0,0,0,0,0,0,0,41,29,114,79,75,60,59,57,64,48,51,58,81,86,88,82,77,74,92,79,74,51,272,260,311,300,472,478,464,464,530,453,411,425,536,536,535,534,522,517,822,820,861,861,861,861,813,791,750,731,29990]} 1. d4 Nf6 2. c4 c5 3. d5 e6 4. Nc3 exd5 5. cxd5 d6 6. Nf3 g6 7. Bf4 a6 8. a4 Bg7 9. e3 O-O 10. h3 Re8 {A61: Modern Benoni: Nf3 without early e4} 11. Nd2 Nbd7 12. Be2 ({Much weaker is} 12. Bxd6 Nb6 $11) (12. Nc4 Ne4 13. Nxe4 Rxe4 14. Bd3 Rxc4 15. Bxc4 Bxb2 16. Ra2 Bc3+ 17. Kf1 Nb6 18. Qb3 {0-1 (28) Simantsev,M (2473)-Simacek,P (2468) Olomouc 2013}) 12... Ne5 {White is slightly better.} 13. O-O Nfd7 14. Re1 f5 15. Qc2 b6 16. Rab1 $146 ({Predecessor:} 16. Rac1 Bb7 17. Bh2 Qe7 18. b3 {½-½ (53) Simantsev,M (2465)-Fier,A (2592) Izmir 2013}) 16... Qc7 17. b3 Nf7 18. Rbd1 Nf6 19. Bh2 Bd7 20. Bd3 Re7 21. Ndb1 Ne5 22. Be2 Nf7 23. Na3 Ne4 24. Nxe4 Rxe4 25. Bd3 Ree8 26. b4 Rec8 27. Rc1 Qb7 28. Qb3 Rc7 (28... cxb4 $11 29. Qxb4 Rab8) 29. b5 axb5 30. Nxb5 Rcc8 31. e4 fxe4 32. Rxe4 Bf5 33. Rh4 {And now Bxf5 would win.} Bxd3 34. Qxd3 Qd7 35. Re4 Re8 36. Rce1 Rxe4 37. Qxe4 {Hoping for Qe6.} Be5 38. f4 Bg7 $2 (38... Bd4+ $1 $14 39. Nxd4 cxd4) 39. Qe6 $18 Qd8 40. f5 gxf5 (40... Qf6 $142 41. Nxd6 c4 42. Nxc4 Qxf5) 41. Nxd6 Qf6 {intending ...Qxe6.} 42. Nxf5 c4 43. Rf1 {[#] Threatens to win with Ne7+.} Qxe6 44. dxe6 Ng5 {White is clearly winning.} 45. Nxg7 Kxg7 {[%mdl 4096] Endgame KRB-KRN} 46. Be5+ Kg8 47. e7 Ne4 (47... Re8 $142 48. Bd6 Nf7) 48. Rf4 Nc5 49. Bd6 {[#] Intending Rf8+ and mate.} Nd7 50. Rxc4 Kf7 51. Rf4+ Ke6 52. Rf8 Kd5 {Precision: White = 68%, Black = 54%.} 1-0

[Event "XXXIII Lower Silesian Cup 2017"]
[Site "Legnica"]
[Date "2017.12.08"]
[Round "2"]
[White "Teclaf, Pawel"]
[Black "Kislinsky, Alexey"]
[Result "1-0"]
[WhiteElo "2393"]
[BlackElo "2513"]
[Annotator "TA"]
[PlyCount "113"]
[EventDate "2017.??.??"]
[EventType "tourn"]
[EventCountry "POL"]
[SourceTitle "playchess.com"]
[Source "ChessBase"]
[SourceQuality "1"]

{[%evp 33,113,50,53,36,60,48,56,0,56,49,56,71,68,74,85,87,97,91,156,107,132,121,164,124,168,175,179,176,172,146,243,106,114,113,180,171,189,165,171,172,224,228,232,164,245,219,317,320,310,318,316,311,356,356,361,345,369,366,376,372,365,297,291,302,297,286,816,815,755,567,562,527,922,897,2196,1828,29985,29986,29986,29984,29991,29970]} 1. e4 c5 2. Nf3 Nc6 3. d4 cxd4 4. Nxd4 g6 5. c4 Nf6 6. Nc3 d6 7. f3 Bg7 8. Be3 O-O 9. Qd2 Bd7 10. Rc1 a5 11. b3 Nxd4 12. Bxd4 Bc6 13. Be2 Nd7 14. Be3 Nc5 15. O-O Qb6 16. Nb5 Rfc8 17. Rfd1 Qd8 18. Bf1 {B38: Sicilian: Maroczy Bind with 5...Bg7 and 7...0-0} Qf8 19. Nc3 h5 {[#]} 20. Bg5 $146 ({White should try} 20. g3 $14) ({Predecessor:} 20. Nd5 Bxd5 21. exd5 Qd8 22. Kh1 Qb6 23. Bg5 Bf6 24. Bxf6 exf6 25. Re1 Re8 26. Rxe8+ Rxe8 {½-½ (74) Hjartarson,J (2529)-Maze,S (2582) Berlin 2015}) 20... Kh7 (20... Ne6 $11) 21. Re1 $14 Ne6 22. Be3 Qh8 23. Nd5 Bxd5 24. exd5 Nd4 25. Bd3 Bf6 (25... Re8 $142) 26. Kh1 a4 27. b4 $1 Kg8 28. Bb1 Rc7 29. Red1 {[%cal Re3d4]} Nf5 30. Bxf5 gxf5 31. c5 Rac8 {[#]} (31... dxc5 $16 {might work better.} 32. bxc5 Bb2) 32. Qc2 (32. c6 $1 $18 {[%mdl 512] has better winning chances.} bxc6 33. dxc6 Rxc6 34. Rxc6 Rxc6 35. b5) 32... Bb2 $16 33. Rb1 ({Stronger than} 33. Qxf5 Bxc1 34. Bxc1 Qe5 $15) 33... a3 (33... Qe5 $16) 34. Qxf5 $18 Qe5 35. Qd3 dxc5 36. bxc5 Rd7 {[#]} (36... Rxc5 $142 37. f4 (37. Bxc5 Rxc5 38. Re1 Qxd5 $18) 37... Qf6) 37. f4 $1 {[%cal Rf4e5]} Qf6 38. Qe4 Rcd8 (38... Qg6 {was worth a try.} 39. Qxg6+ fxg6) 39. Rd3 e6 (39... Qg6 $142 40. f5 Qg4) 40. d6 Qg6 41. Qxg6+ fxg6 42. Rb3 Rc8 43. g3 Kf7 44. Kg2 e5 45. fxe5 Ke6 46. Rf1 Kxe5 47. Bg1 Kd5 48. Rd1+ Kc4 49. Re1 b5 $2 (49... Rxc5 50. Bxc5 Kxc5) 50. cxb6 Rb8 51. Rd1 g5 52. Rbd3 Re8 53. R3d2 Re6 54. Rc2+ Kb5 55. Rd5+ {White mates.} Ka6 56. Rc7 Rexd6 57. Rxd7 {Precision: White = 57%, Black = 26%.} 1-0

[Event "XXXIII Lower Silesian Cup 2017"]
[Site "Legnica"]
[Date "2017.12.08"]
[Round "2"]
[White "Sieciechowicz, Marcin"]
[Black "Kriebel, Tadeas"]
[Result "1/2-1/2"]
[WhiteElo "2387"]
[BlackElo "2515"]
[Annotator "TA"]
[PlyCount "105"]
[EventDate "2017.??.??"]
[EventType "tourn"]
[EventCountry "POL"]
[SourceTitle "playchess.com"]
[Source "ChessBase"]
[SourceQuality "1"]

{[%evp 20,105,0,0,2,0,0,3,8,7,7,7,4,8,18,0,0,0,0,-15,-17,-18,-17,-58,-62,-75,-66,-68,-44,-75,-66,-69,-69,-66,-33,-72,-74,-122,-120,-125,-118,-114,-104,-95,-9,-11,0,0,0,-11,0,0,0,0,0,0,0,0,30,26,26,26,26,28,28,26,28,0,7,0,0,0,0,0,59,0,0,0,0,0,0,0,0,0,0,0,0,0]} 1. d4 d5 2. c4 dxc4 3. e3 e5 4. Bxc4 exd4 5. exd4 Bd6 6. Nf3 Nf6 7. O-O O-O 8. Nc3 Nc6 9. h3 h6 10. a3 Bf5 11. Re1 a6 {D20: Queen's Gambit Accepted: 3 e3 and 3 e4} (11... Re8 12. Rxe8+ Qxe8 13. Nb5 Qd7 14. Nxd6 Qxd6 15. Qb3 Be6 16. Bxe6 fxe6 17. Bf4 Qd5 18. Qxb7 Nxd4 19. Qxd5 Nxd5 20. Nxd4 Nxf4 {½-½ (59) Zvjaginsev,V (2673)-Popov,I (2596) Moscow 2016}) 12. b4 Qd7 13. Ne5 Bxe5 $1 14. dxe5 Qxd1 15. Nxd1 Nd7 {[%cal Bf6d7,Bd7b6,Bb6d5][%mdl 32]} 16. e6 $146 ({Predecessor:} 16. Bb2 Nb6 17. Bb3 Rad8 18. Ne3 Be6 19. Bc2 {½-½ (30) Ben Artzi,I (2183)-Juhasz,K (2268) Porto Carras 2010}) 16... fxe6 17. Bb2 Nb6 18. Bb3 Rad8 19. g4 Bg6 20. Bxe6+ Bf7 21. Bxf7+ Rxf7 22. Re2 Nd5 23. Rd2 Rfd7 24. h4 Nf4 25. Rxd7 Rxd7 26. Ne3 Rd2 27. Bc1 Rd3 28. Kf1 Ne5 29. Bb2 Nf3 30. h5 Rb3 31. Bc1 Nd4 ({Better is} 31... Ne6 $17) 32. Nf5 $11 Nfe6 33. Nxd4 Nxd4 {[%mdl 4096] Endgame KRB-KRN} 34. Kg2 c6 35. Ra2 Nb5 36. Rd2 Nxa3 37. Rd8+ Kh7 {And now ...Nc4 would win.} 38. f4 Rc3 39. Bd2 Rc2 40. g5 hxg5 41. fxg5 {[%csl Gh5][%cal Rg5g6] [#]} g6 42. Rd7+ Kg8 $1 43. Kf3 {Strongly threatening h6.} gxh5 44. g6 {White threatens Bh6 and mate.} Nc4 45. Bf4 Rd2 $1 {[%cal Rd2d7]} 46. Rxb7 Rd5 (46... Rd8 $11) 47. Ke4 (47. Bh6 $1 $14 Rd8 48. Rg7+ Kh8 49. Rh7+ Kg8 50. Rg7+ Kh8 51. Re7) 47... Nd6+ {The position is equal.} 48. Bxd6 $1 Rxd6 49. Kf5 h4 50. Kg5 h3 51. Kh6 {[#] White wants to mate with Rb8+.} Rd8 52. Rg7+ Kh8 53. Rh7+ {Precision: White = 68%, Black = 69%.} 1/2-1/2